| 000 | 00669nam a22001697a 4500 | ||
|---|---|---|---|
| 999 |
_c8174 _d8175 |
||
| 008 | 190724b ||||| |||| 00| 0 eng d | ||
| 020 | _a9781608680900 | ||
| 082 | _a153.1 STE | ||
| 100 | _aSterner, Thomas M | ||
| 245 |
_aThe practicing mind : developing focus and discipline in your life : _bmaster any skill or challenge by learning to love the process |
||
| 250 | _a1st New World Library ed. | ||
| 260 |
_aNovato, Calif. : _bNew World Library, _c2012. |
||
| 300 |
_a148 p. ; _c21 cm. |
||
| 500 | _a Includes index. "Master any skill or challenge by learning to love the process"--Cover. | ||
| 650 | _aMind and body. Persistence. Self-control. | ||
| 942 | _2ddc | ||